South Eastern Kenya University

Library Online Public Access Catalogue


Harpers's illustrated biochemistry (Record no. 1500)

MARC details
000 -LEADER
fixed length control field 00359nam a22001457a 4500
020 ## - ISBN
International Standard Book Number 9781259003103
050 ## - LIBRARY OF CONGRESS CALL NUMBER
Classification Number QP514
Item Number .H372011
245 ## - TITLE
Title Harpers's illustrated biochemistry
250 ## - EDITIONSTATEMENT
Edition statement 28th ed.
260 ## - PUBLICATION, DISTRIBUTION, ETC.(IMPRINT)
Place of publication, distribution, etc NewDelhi:
Name of publisher, distributor, etc Tata McGraw hill Education ,
Date of publication, distribution, etc 2011.
300 ## - PHYSICAL DESCRIPTION
Extent x,693p.
500 ## - GENERALNOTE
General note Includes index.
650 ## - SUBJECT--TOPIC
General subdivision biochemistry
942 ## - ADDED ENTRY ELEMENTS(KOHA)
Koha item type General circulation
Holdings
Source of classification or shelving scheme Not for loan Location (home branch) Sublocation (holding branch) Date accessioned Cost, normal purchase price Full call number Barcode Cost, replacement price Koha item type Public note
Library of Congress Classification   Main Campus Library Main Campus Library 21/08/2014 6000.00 QP514 .H372011 2019/023716 6500.00 General circulation jm
Library of Congress Classification   Main Campus Library Main Campus Library 21/08/2014 6000.00 QP514 .H372011 015453 6500.00 General circulation jm
Kitui, Kenya.
+254736116989
library@seku.ac.ke